Statistics for Super Smash Bros. Melee Stages

Click here to take the quiz!

General Stats

  • This quiz has been taken 62 times
  • The average score is 20 of 29

Answer Stats

AvailabilityStage% Correct
LockedBattlefield
100%
LockedFinal Destination
94%
LockedPoké Floats
87%
UnlockedPokémon Stadium
84%
UnlockedPrincess Peach’s Castle
84%
UnlockedCorneria
81%
UnlockedTemple
77%
UnlockedBrinstar
74%
UnlockedKongo Jungle
74%
LockedKongo Jungle (64)
74%
UnlockedMushroom Kingdom
74%
LockedDream Land
71%
UnlockedFountain of Dreams
71%
UnlockedVenom
71%
LockedBig Blue
68%
UnlockedOnett
68%
UnlockedYoshi’s Island
68%
LockedYoshi’s Island (64)
68%
LockedBrinstar Depths
65%
LockedFlat Zone
65%
UnlockedRainbow Cruise
65%
LockedFourside
61%
UnlockedGreat Bay
61%
LockedMushroom Kingdom II
61%
UnlockedMute City
61%
UnlockedYoshi’s Story
58%
UnlockedGreen Greens
52%
UnlockedJungle Japes
52%
UnlockedIcicle Mountain
39%

Score Distribution

Percentile by Number Answered

Percent of People with Each Score

Your Score History

You have not taken this quiz